Statistics for Rulers of Anglo-Saxon England

Click here to take the quiz!

General Stats

  • This quiz has been taken 225 times
  • The average score is 10 of 18

Answer Stats

Ruler% Correct
Alfred the Great
94%
Æthelred the Unready
80%
Æthelred the Unready
80%
Cnut
80%
Æthelstan
75%
Edward the Confessor
65%
Harold Godwinson
64%
Edmund I
61%
Edward the Elder
48%
Harthacnut
48%
Sweyn Forkbeard
45%
Edmund Ironside
41%
Eadwig
39%
Edward the Martyr
35%
Eadred
34%
Harold Harefoot
31%
Edgar the Peaceful
26%
Ælfweard
18%

Score Distribution

Percentile by Number Answered

Percent of People with Each Score

Your Score History

You have not taken this quiz